<?xml version="1.0" encoding="UTF-8"?>
<record
    xmlns:xsi="http://www.w3.org/2001/XMLSchema-instance"
    xsi:schemaLocation="http://www.loc.gov/MARC21/slim http://www.loc.gov/standards/marcxml/schema/MARC21slim.xsd"
    xmlns="http://www.loc.gov/MARC21/slim">

  <leader>00752nam  22002293  4500</leader>
  <controlfield tag="001">202634</controlfield>
  <datafield tag="010" ind1=" " ind2=" ">
    <subfield code="a">972-31-0536-5</subfield>
  </datafield>
  <datafield tag="021" ind1=" " ind2=" ">
    <subfield code="a">PT</subfield>
    <subfield code="b">208812/04</subfield>
  </datafield>
  <datafield tag="090" ind1=" " ind2=" ">
    <subfield code="a">202634</subfield>
  </datafield>
  <datafield tag="100" ind1=" " ind2=" ">
    <subfield code="a">20260619d        u||y0pory50      ba</subfield>
  </datafield>
  <datafield tag="200" ind1=" " ind2=" ">
    <subfield code="a">Cartas a Luc&#xED;lio </subfield>
    <subfield code="f">L&#xFA;cio Aneu S&#xE9;neca</subfield>
    <subfield code="g">tradu&#xE7;&#xE3;o, pref&#xE1;cio e notas de J. A. Segurado e Campos</subfield>
  </datafield>
  <datafield tag="205" ind1=" " ind2=" ">
    <subfield code="a">2&#xAA;</subfield>
  </datafield>
  <datafield tag="210" ind1=" " ind2=" ">
    <subfield code="a">Lisboa </subfield>
    <subfield code="c">Funda&#xE7;&#xE3;o Calouste Gulbenkian</subfield>
    <subfield code="d">2004</subfield>
  </datafield>
  <datafield tag="215" ind1=" " ind2=" ">
    <subfield code="a">[LIV], 713, [5] p.</subfield>
    <subfield code="c">encadernado</subfield>
    <subfield code="d">22 cm </subfield>
  </datafield>
  <datafield tag="225" ind1=" " ind2=" ">
    <subfield code="a">Textos cl&#xE1;ssicos</subfield>
  </datafield>
  <datafield tag="606" ind1=" " ind2=" ">
    <subfield code="9">7964</subfield>
    <subfield code="a">Moral. &#xC9;tica. Filosofia pr&#xE1;tica</subfield>
  </datafield>
  <datafield tag="675" ind1=" " ind2=" ">
    <subfield code="a">17</subfield>
    <subfield code="v">PT</subfield>
    <subfield code="z">por</subfield>
  </datafield>
  <datafield tag="700" ind1=" " ind2=" ">
    <subfield code="9">17562</subfield>
    <subfield code="a">S&#xE9;neca</subfield>
    <subfield code="b">L&#xFA;cio Aneu </subfield>
    <subfield code="f">c. 4 a.C. &#x2013; 65 d.C.</subfield>
  </datafield>
  <datafield tag="702" ind1=" " ind2=" ">
    <subfield code="9">17563</subfield>
    <subfield code="a">Campos</subfield>
    <subfield code="b">Jos&#xE9; Ant&#xF3;nio Segurado e </subfield>
  </datafield>
  <datafield tag="801" ind1=" " ind2=" ">
    <subfield code="a">PT</subfield>
    <subfield code="b">BMMN</subfield>
    <subfield code="g">RPC</subfield>
  </datafield>
  <datafield tag="830" ind1=" " ind2=" ">
    <subfield code="c">Vanda</subfield>
  </datafield>
  <datafield tag="990" ind1=" " ind2=" ">
    <subfield code="c">LIVROS</subfield>
  </datafield>
  <datafield tag="995" ind1=" " ind2=" ">
    <subfield code="0">0</subfield>
    <subfield code="2">0</subfield>
    <subfield code="5">2026-06-19</subfield>
    <subfield code="9">32427</subfield>
    <subfield code="b">BMMN</subfield>
    <subfield code="f">32141</subfield>
    <subfield code="k">17 SEN|DEP</subfield>
    <subfield code="o">0</subfield>
    <subfield code="r">LIVROS</subfield>
    <subfield code="s">Oferta</subfield>
  </datafield>
</record>
